| 000 | 01037nam a22003377a 4500 | ||
|---|---|---|---|
| 001 | 0003754 | ||
| 003 | KOHA_MİRAKIL | ||
| 005 | 20260207001347.0 | ||
| 007 | ta | ||
| 008 | 090415b2003 tu |||gr||||#||||0|tur | | ||
| 020 | _a9756877685 | ||
| 040 |
_aTR-BiSEU _btur _cTR-BiSEU _erda |
||
| 041 | 0 | _atur | |
| 044 | _ctu | ||
| 050 |
_aKKX2101 _b.E73 2003 |
||
| 100 | 1 | _aErdoğan, Mustafa. | |
| 245 | 1 |
_aTürkiye'de anayasalar ve siyaset/ _cMustafa Erdoğan ; Mustafa Erdoğan. |
|
| 264 | 1 |
_aAnkara : _bLiberte, c2003. _c2003 |
|
| 300 | _aVİ, 271 sayfa | ||
| 336 |
_ametin _btxt _2rdacontent |
||
| 337 |
_aaracısız _bn _2rdamedia |
||
| 338 |
_acilt _bnc _2rdacarrier |
||
| 490 | 1 |
_aLiberte yayınları ; _v80. |
|
| 505 |
_aDizin var. _xKaynakça var. |
||
| 650 | 0 |
_aAnayasa tarihi--Türkiye. _96713 |
|
| 650 | 0 |
_aTürkiye--Siyaset ve yönetim. _97157 |
|
| 650 | 0 |
_aConstitutional history--Turkey. _99140 |
|
| 650 | 0 |
_aTurkey--Politics and government. _97156 |
|
| 830 | 1 |
_aLiberte yayınları ; _v80. _97632 |
|
| 942 |
_2lcc _cBK |
||
| 999 |
_c3738 _d3738 |
||